[Event "FIN-ch (Women)"]
[Site "Helsinki"]
[Date "2022.04.23"]
[Round "9"]
[White "Dannenberg, Alia"]
[Black "Taipale, Tiitu"]
[Result "1-0"]
[WhiteElo "1896"]
[BlackElo "1909"]
[PlyCount "53"]
[EventDate "2022.04.15"]
[EventType "tourn"]
[EventRounds "9"]
[EventCountry "FIN"]
[SourceTitle "CBM 208 Extra"]
[Source "ChessBase"]
[SourceDate "2022.07.31"]
[SourceVersion "1"]
[SourceVersionDate "2022.07.31"]
[SourceQuality "1"]

1. e4 c6 2. Nc3 d5 3. Nf3 Bg4 4. h3 Bxf3 5. Qxf3 e6 6. d3 Bb4 7. a3 Qa5 8. Bd2 d4 9. Nb1 Bxd2+ 10. Nxd2 Ne7 11. b4 Qc7 12. Nb3 e5 13. Qg3 0-0 14. Nxd4 c5 15. Nb5 Qb6 16. Qxe5 Qxb5 17. Qxe7 cxb4 18. Qxb4 Qe5 19. Rb1 Nc6 20. Qb2 Nd4 21. Be2 Rfc8 22. Bd1 f5 23. 0-0 fxe4 24. Re1 Qc5 25. Rxe4 Nxc2 26. Rc4 Qxa3 27. Bxc2 1-0

[Event "FIN-ch (Women)"]
[Site "Helsinki"]
[Date "2022.04.21"]
[Round "7"]
[White "Taipale, Tiitu"]
[Black "Soboleva, Lidiia"]
[Result "1/2-1/2"]
[WhiteElo "1909"]
[BlackElo "1068"]
[PlyCount "70"]
[EventDate "2022.04.15"]
[EventType "tourn"]
[EventRounds "9"]
[EventCountry "FIN"]
[SourceTitle "CBM 208 Extra"]
[Source "ChessBase"]
[SourceDate "2022.07.31"]
[SourceVersion "1"]
[SourceVersionDate "2022.07.31"]
[SourceQuality "1"]

1. c4 Nf6 2. Nc3 g6 3. g3 Bg7 4. Bg2 e6 5. e3 c5 6. Nge2 d5 7. cxd5 exd5 8. d4 cxd4 9. Qxd4 Nc6 10. Qd1 Be6 11. 0-0 0-0 12. h3 Rb8 13. Nf4 Qd7 14. Nxe6 fxe6 15. Qd2 Ne5 16. b3 Qc6 17. Ba3 Rfd8 18. Rfc1 Qa6 19. Bb2 Rf8 20. Ne2 Nd3 21. Rd1 Nxf2 22. Bxf6 Bxf6 23. Nd4 Bxd4 24. Qxd4 Nxd1 25. Qxd1 Rbc8 26. Qg4 Rc2 27. Bf1 Qb6 28. Re1 Rxa2 29. Bd3 Rff2 30. Bxg6 Rg2+ 31. Kh1 Rh2+ 32. Kg1 Rag2+ 33. Kf1 Qb5+ 34. Bd3+ Kh8 35. Bxb5 Rf2+ 1/2-1/2